| 000 | 00831nam a22002298a 4500 | ||
|---|---|---|---|
| 005 | 20080718155202.0 | ||
| 008 | 080717s2008 ii b 001 0 eng | ||
| 010 | _aENG-92345 | ||
| 020 |
_a9788190749145 _c100.00 |
||
| 035 | _aEN-75878 | ||
| 037 | _bDBAD / PUB | ||
| 040 |
_adpl _bEnglish |
||
| 082 | _a005.133 | ||
| 100 | _aManikandan, A. | ||
| 245 |
_aProgramming in C / _cby A. Manikandan |
||
| 260 |
_aKaveripattinam _bBharathi & Bharathi Publishers _c2008 |
||
| 300 |
_a96p. _c25cm (pbk) |
||
| 500 | _aIncludes bibliographical references | ||
| 650 | _aC (Computer program language) | ||
| 942 |
_2ddc _cEN _mMAN _h005.133 |
||
| 999 |
_c20570 _d20570 |
||